| Tag |
First Indicator |
Second Indicator |
Subfields |
| LEADER |
00000cam a2200000Ia 4500 |
| 001 |
in00002467758 |
| 005 |
20210817090300.0 |
| 006 |
m d |
| 007 |
cr cn||||||||| |
| 008 |
081117s2008 gw a sb 001 0 eng d |
| 020 |
|
|
|a 0387783350
|
| 020 |
|
|
|a 9780387783352
|
| 035 |
|
|
|a (OCoLC)272311435
|
| 035 |
|
|
|a (OCoLC)ocn272311435
|
| 037 |
|
|
|a 978-0-387-78334-5
|b Springer
|n http://www.springerlink.com
|
| 040 |
|
|
|a GW5XE
|b eng
|c GW5XE
|d UtOrBLW
|
| 049 |
|
|
|a TEFA
|
| 050 |
1 |
4 |
|a GC190
|b .M37 2008eb
|
| 082 |
0 |
4 |
|a 551.5153 22
|2 22
|
| 100 |
1 |
|
|a McPhee, Miles G.
|0 http://id.loc.gov/authorities/names/n82097155
|
| 245 |
1 |
0 |
|a Air-ice-ocean interaction :
|b turbulent ocean boundary layer exchange processes /
|c Miles McPhee.
|
| 264 |
|
1 |
|a Berlin :
|b Springer,
|c 2008.
|
| 300 |
|
|
|a ix, 215 pages :
|b illustrations (some color) ;
|c 24 cm.
|
| 336 |
|
|
|a text
|b txt
|2 rdacontent
|
| 337 |
|
|
|a computer
|b c
|2 rdamedia
|
| 338 |
|
|
|a online resource
|b cr
|2 rdacarrier
|
| 500 |
|
|
|a Electronic resource.
|
| 504 |
|
|
|a Includes bibliographical references and index.
|
| 533 |
|
|
|a Electronic reproduction.
|b New York :
|c Springer,
|d 2008.
|n Mode of access: World Wide Web.
|n System requirements: Web browser.
|n Title from title screen (viewed on Nov. 10, 2008).
|n Access may be restricted to users at subscribing institutions.
|
| 650 |
|
0 |
|a Ocean-atmosphere interaction.
|0 http://id.loc.gov/authorities/subjects/sh85093878
|
| 655 |
|
7 |
|a Electronic books.
|2 local
|
| 710 |
2 |
|
|a SpringerLink (Online service)
|0 http://id.loc.gov/authorities/names/no2005046756
|
| 776 |
1 |
|
|c Original
|z 0387783342
|z 9780387783345
|z 0387783350
|z 9780387783352
|w (DLC) 2008928012
|w (OCoLC)221217621
|
| 856 |
4 |
0 |
|u http://proxy.library.tamu.edu/login?url=https://dx.doi.org/10.1007/978-0-387-78335-2
|z Connect to the full text of this electronic book
|t 0
|
| 994 |
|
|
|a C0
|b TEF
|
| 999 |
|
|
|a MARS
|
| 999 |
f |
f |
|s 26de0233-5795-37ed-b470-76d872bf1f74
|i dd782b11-008b-3120-a9fe-5777d2dc0807
|t 0
|
| 952 |
f |
f |
|a Texas A&M University
|b College Station
|c Electronic Resources
|d Available Online
|t 0
|e GC190 .M37 2008eb
|h Library of Congress classification
|
| 998 |
f |
f |
|a GC190 .M37 2008eb
|t 0
|l Available Online
|